| Record ID | ia:storiestoldunder0000hahn |
| Source | Internet Archive |
| Download MARC XML | https://archive.org/download/storiestoldunder0000hahn/storiestoldunder0000hahn_marc.xml |
| Download MARC binary | https://www.archive.org/download/storiestoldunder0000hahn/storiestoldunder0000hahn_meta.mrc |
LEADER: 00929cam a22002774a 4500
001 2003003528
003 DLC
005 20070109155422.0
008 030219s2003 ohua j 001 0 eng
010 $a 2003003528
020 $a0788019724 (pbk.)
040 $aDLC$cDLC$dDLC
042 $apcc$alcac
050 00 $aBS665$b.H34 2003
082 00 $a220.8/58$221
100 1 $aHahn, Samuel J.,$d1930-
245 10 $aStories told under the sycamore tree :$blessons from Bible plants /$cSamuel J. Hahn ; illustrated by Scott Patton.
260 $aLima, Ohio :$bCSS,$cc2003.
300 $a191 p. :$bcol. ill. ;$c22 cm.
500 $aIncludes index.
520 $aFifty-two devotions based on plants named in the Bible.
650 0 $aPlants in the Bible$vJuvenile literature.
650 0 $aChristian children$vPrayers and devotions.
650 1 $aPlants in the Bible.
650 1 $aPrayer books and devotions.
700 1 $aPatton, Scott,$eill.